| 000 | 01140nam0a22003371 4500 | ||
|---|---|---|---|
| 001 | v19\rc\1574941 | ||
| 005 | 20061002104608.5 | ||
| 035 | _a(NLR Aleph) 004703232 | ||
| 090 |
_a4096945 _c4096945 |
||
| 100 | _a20061002g18931894|||y0rusy50 ca | ||
| 101 | 1 |
_arus _ceng |
|
| 102 | _aRU | ||
| 105 | _ay z ||||| | ||
| 200 | 1 |
_aЖизнь и учение Христа _fПер. с англ. свящ. Михаила Фивейского. Вып. 1-4 _gД-р Коннингэм Гейки |
|
| 210 |
_aМосква _cтип. Э. Лисснера и Ю. Романа _d1893-1894 |
||
| 215 |
_a4 т. _d21 |
||
| 320 | _aБиблиогр.: с. XI-XIV вып. 1 | ||
| 700 | 1 |
_aГейки _bД. К. _f1824-1906 _gДжон Коннингэм |
|
| 702 | 1 |
_aФивейский _bМ. П. _gМихаил Павлович _4730 |
|
| 801 | 0 |
_aRU _bNLR _gpsbo |
|
| 801 | 0 |
_aRU _bRuMoRGB _2psbo |
|
| 801 | 1 |
_aRU _bProSoft-M _2rusmarc |
|
| 852 |
_aNLR _j18.216.1.62 |
||
| 899 |
_aRuMoRGB _jM 41/80 |
||
| 899 |
_aRuMoRGB _jA 201/1094 |
||
| 899 |
_aRuMoRGB _j116 251/ |
||
| 899 | _aБАН | ||
| 899 | _aГПИБ | ||
| 899 | _aНБ МГУ | ||
| 942 | _cBOOK | ||
| 980 | _aNB | ||